000 00368 a2200145 4500
999 _c12055
_d12055
003 OSt
005 20231229124844.0
008 231229b ||||| |||| 00| 0 eng d
020 _a9788862423434
082 _a724.6
100 _aConrad-Bereah
245 _aBerlin Fragments: A Heterography Of An Architectural Form (P/B)
260 _bLettera Ventidue
942 _2ddc